<?xml version="1.0" encoding="UTF-8"?>
<marc:record xmlns:marc="http://www.loc.gov/MARC21/slim">
   <marc:leader>00000nam a2200000 a 4500</marc:leader>
   <marc:datafield ind1="0" ind2="0" tag="245">
      <marc:subfield code="a">Dschungel-Olympiade</marc:subfield>
   </marc:datafield>
   <marc:datafield ind1=" " ind2="1" tag="264">
      <marc:subfield code="a">Ravensburg</marc:subfield>
      <marc:subfield code="b">Ravensburger Verlag GmbH</marc:subfield>
      <marc:subfield code="c">2019</marc:subfield>
   </marc:datafield>
   <marc:datafield ind1="1" ind2=" " tag="520">
      <marc:subfield code="a">Mit dem ACTIVE Set Dschungel-Olympiade kommt Bewegung ins Spiel. Passend zu lustigen Affen-Karten sagt tiptoi verschiedene Turnübungen wie Hampelmann oder auf einem Bein balancieren an. Musik und Tanz motivieren 1 bis 6 Kinder sich zu Bewegen. Der tiptoi-Stift steht in einem Lautsprecher und die Kinder haben die Hände frei, um sich im Raum zu bewegen.&#xD;
Spieleanleitung in DE.</marc:subfield>
   </marc:datafield>
   <marc:datafield ind1="3" ind2=" " tag="024">
      <marc:subfield code="a">4005556008490</marc:subfield>
   </marc:datafield>
   <marc:datafield ind1=" " ind2=" " tag="041">
      <marc:subfield code="a">ger</marc:subfield>
   </marc:datafield>
   <marc:datafield ind1=" " ind2=" " tag="338">
      <marc:subfield code="a">Gegenstand</marc:subfield>
   </marc:datafield>
</marc:record>
